| 000 | 003800000a22001570004500 | ||
|---|---|---|---|
| 003 | LK-CoMWRAF | ||
| 008 | 230817t ||||| |||| 00| 0 eng d | ||
| 040 |
_aLK-CoMWRAF _dLK-CoMWRAF _eLK-CoMWRAF |
||
| 041 | _aeng | ||
| 100 | _aAzeez, A.M.A. | ||
| 245 |
_aIqbal _b |
||
| 260 |
_b _a _c |
||
| 650 | _aArticles and Addresses | ||
| 650 | _aIqbal Society - Zahira College | ||
| 942 | _cBK | ||
| 999 |
_c2266 _d2266 |
||